| 000 | 00765nam a2200205 a 4500 | ||
|---|---|---|---|
| 001 | 000037070 | ||
| 005 | 20200930080125.0 | ||
| 008 | 120209s1995 sp a 000 0 spa d | ||
| 020 | _a8471835932 | ||
| 040 |
_aDO-SdBNP _bspa _cBNPHU |
||
| 082 |
_axxxx _bF216 |
||
| 240 | 1 | 0 |
_aCake decorating _lespañol |
| 245 | 0 | 0 |
_aFantasias en azucar / _cRedacción Maite Pugés, Mayka Barciela ; traducción N. Aragay. |
| 260 |
_aBarcelona : _bHymsa _bgruó Editorial Edipresse, _c1995. |
||
| 300 |
_av.4 : _bil. ; _c29 cm. |
||
| 505 | 0 |
_gTomo I : _tTartas clásicas -- _gTomo II : _tIdeas brillantes -- _gTomo III : _tEl secreto del éxito -- _gTomo IV: _tAcabados perfectos |
|
| 700 | 1 |
_aPugés, Maite _959868 |
|
| 700 | 1 |
_aBarciela, Mayka _959869 |
|
| 700 | 1 |
_aAragay, N., _etr. _963487 |
|
| 999 |
_c36560 _d36560 |
||